00467nam a2200133Ia 4500008004100000100001500041245009000056245003700146260005300183260000900236300001200245650001500257856006100272170221s9999 xx 000 0 und d aAnwar Khan aPsychometric Testing of Oldenburg Burnout Inventory among Academic Staff in Pakistan  cAnwar Khan, Rosman Bin Md Yusoff bInternational Review of Management and Marketing c2016 a15 : 14 xMarketing. uhttp://www.econjournals.com/index.php/irmm/issue/view/88